[Event "1st CRO junior liga"]
[Site "Sveti Filip i Jakov"]
[Date "2018.04.05"]
[Round "6.12"]
[White "Ghersinich, Carlo"]
[Black "Vujic, Agata"]
[Result "0-1"]
[WhiteElo "1143"]
[BlackElo "1586"]
[PlyCount "94"]
[EventDate "2018.??.??"]
[WhiteClock "1:30:00"]
[BlackClock "1:30:00"]

1. d4 d5 2. Nf3 Nf6 3. Bf4 Bf5 4. e3 e6 5. c3 Nbd7 6. Bd3 Bxd3 7. Qxd3 Be7 8.
Nbd2 c5 9. O-O O-O 10. h3 Re8 11. c4 Nf8 12. Rae1 Rc8 13. e4 dxc4 14. Nxc4 cxd4
15. Nxd4 b5 16. Nd2 Bb4 17. Rc1 Rxc1 18. Rxc1 e5 19. Qxb5 Bxd2 20. Bxd2 Qxd4
21. Be3 Qxe4 22. Rc4 Qb1+ 23. Rc1 Qxa2 24. Bg5 a6 25. Qc6 Qxb2 26. Bxf6 gxf6
27. Rf1 Re6 28. Qc8 Kg7 29. Rd1 Qb4 30. Qc1 Ng6 31. g3 a5 32. h4 a4 33. h5 Ne7
34. h6+ Kg6 35. g4 Qxg4+ 36. Kh2 Qh4+ 37. Kg2 Qg5+ 38. Qxg5+ fxg5 39. Ra1 Ra6
40. Kf3 a3 41. Ke4 f6 42. Kd3 a2 43. Kc2 Kxh6 44. f3 Kg6 45. Kd3 Nf5 46. Ke4
Nd4 47. Ke3 Nc2+ 0-1

[Event "1st CRO junior liga"]
[Site "Sveti Filip i Jakov"]
[Date "2018.04.05"]
[Round "6.13"]
[White "Tomulic, Teo"]
[Black "Jankovic, Antonio"]
[Result "1-0"]
[WhiteElo "2298"]
[BlackElo "1792"]
[PlyCount "63"]
[EventDate "2018.??.??"]
[WhiteClock "1:30:00"]
[BlackClock "1:30:00"]

1. e4 e5 2. Nf3 Nc6 3. Bb5 a6 4. Ba4 Nf6 5. O-O b5 6. Bb3 Be7 7. Re1 O-O 8. c3
d5 9. d4 dxe4 10. Nxe5 Bb7 11. Ng4 Re8 12. Nxf6+ Bxf6 13. Nd2 Bh4 14. Qg4 Bc8
15. Qf4 Rf8 16. Nxe4 Be7 17. Ng5 Bxg5 18. Qxg5 Qxg5 19. Bxg5 Na5 20. Bd5 c6 21.
Bf3 f6 22. Bf4 Bd7 23. Re7 Rf7 24. Rae1 Rxe7 25. Rxe7 Re8 26. Rxe8+ Bxe8 27. b3
Kf7 28. Bc7 Nb7 29. d5 Ke7 30. dxc6 Nc5 31. Bb6 f5 32. Bxc5+ 1-0

[Event "1st CRO junior liga"]
[Site "Sveti Filip i Jakov"]
[Date "2018.04.05"]
[Round "6.14"]
[White "Birkic, Josip"]
[Black "Safar, Sandro"]
[Result "0-1"]
[WhiteElo "1781"]
[BlackElo "2224"]
[PlyCount "96"]
[EventDate "2018.??.??"]
[WhiteClock "1:30:00"]
[BlackClock "1:30:00"]

1. d4 g6 2. Nf3 Bg7 3. e4 d6 4. Nc3 Nf6 5. Bf4 O-O 6. Be2 a6 7. O-O b5 8. a3
Bb7 9. e5 Nd5 10. Nxd5 Bxd5 11. c3 Nd7 12. Re1 dxe5 13. dxe5 e6 14. Qc2 c5 15.
c4 bxc4 16. Bxc4 Bxf3 17. gxf3 Qc7 18. Qe4 a5 19. a4 Rfd8 20. Rad1 Nb6 21. b3
Rab8 22. Rd6 Nxc4 23. bxc4 Bf8 24. Rxd8 Rxd8 25. Be3 Qd7 26. Rb1 Qxa4 27. Rb7
Bg7 28. Kg2 Qa1 29. f4 Qd1 30. Qf3 Qxf3+ 31. Kxf3 Ra8 32. Bxc5 Bf8 33. Bd6 a4
34. c5 a3 35. Rb1 a2 36. Ra1 Ra6 37. Kg4 h6 38. h4 Bxd6 39. exd6 Kf8 40. Kf3
Ra4 41. c6 Ke8 42. Rd1 Ra8 43. Ra1 Ra6 44. c7 Kd7 45. Rc1 Ra3+ 46. Ke4 f5+ 47.
Ke5 a1=Q+ 48. Rxa1 Rxa1 0-1

[Event "1st CRO junior liga"]
[Site "Sveti Filip i Jakov"]
[Date "2018.04.05"]
[Round "6.15"]
[White "Troselj, Ivan"]
[Black "Ljubicic, Mario"]
[Result "1-0"]
[WhiteElo "1722"]
[BlackElo "1738"]
[PlyCount "107"]
[EventDate "2018.??.??"]
[WhiteClock "1:30:00"]
[BlackClock "1:30:00"]

1. e4 e5 2. Nf3 Nc6 3. Nc3 Bc5 4. Nxe5 Nxe5 5. d4 Bxd4 6. Qxd4 d6 7. Bf4 f6 8.
Be2 Be6 9. O-O Ne7 10. Bg3 O-O 11. f4 N5c6 12. Qd2 a6 13. Nd5 Bf7 14. Bc4 Nxd5
15. Bxd5 Qe7 16. Rae1 Rad8 17. Qc3 Kh8 18. Bxc6 bxc6 19. Qxc6 Rb8 20. b3 h6 21.
e5 fxe5 22. fxe5 dxe5 23. Bxe5 Qg5 24. Rf3 Rbd8 25. Rd3 Rxd3 26. cxd3 Rd8 27.
Qxc7 Rf8 28. Bg3 Bd5 29. Qc1 Qg4 30. Qd2 h5 31. Qe2 Qg6 32. d4 Rc8 33. Qe5 Bb7
34. d5 Rc2 35. Qb8+ Kh7 36. Qxb7 h4 37. d6 hxg3 38. d7 gxh2+ 39. Kh1 Rd2 40.
Qf3 a5 41. Qh3+ Qh6 42. Qxh6+ Kxh6 43. Re6+ Kg5 44. Ra6 Rxd7 45. Rxa5+ Kf4 46.
Kxh2 g5 47. Rc5 Ra7 48. a4 Rb7 49. Rc4+ Ke5 50. b4 Ra7 51. a5 Rb7 52. Kg3 Kf5
53. a6 Rd7 54. b5 1-0

[Event "1st CRO junior liga"]
[Site "Sveti Filip i Jakov"]
[Date "2018.04.05"]
[Round "6.16"]
[White "Vucenovic, Damian"]
[Black "Zekic, Patrik"]
[Result "1-0"]
[WhiteElo "1666"]
[BlackElo "1508"]
[PlyCount "79"]
[EventDate "2018.??.??"]
[WhiteClock "1:30:00"]
[BlackClock "1:30:00"]

1. e4 e6 2. d4 d5 3. exd5 exd5 4. Bd3 Bd6 5. Nf3 Nf6 6. O-O O-O 7. Re1 Bg4 8.
Bg5 Nbd7 9. Nbd2 c6 10. c3 Qc7 11. Qc2 Rfe8 12. Bh4 h6 13. Bg3 Bxg3 14. hxg3 a6
15. Nh2 Nf8 16. f4 c5 17. Nxg4 Nxg4 18. Nf3 c4 19. Bf1 Ne3 20. Qd2 Nf5 21. Qf2
Nd6 22. Nd2 Nd7 23. Be2 Nf6 24. Bf3 Nde4 25. Nxe4 dxe4 26. Bd1 Nd5 27. Bc2 f5
28. Re2 h5 29. Qe1 Re6 30. b3 b5 31. a4 Rb8 32. Qd2 Rg6 33. Kf2 Re8 34. Rae1
Qe7 35. a5 h4 36. Bxe4 hxg3+ 37. Kf3 fxe4+ 38. Rxe4 Qxe4+ 39. Rxe4 Rxe4 40.
Kxe4 1-0

[Event "1st CRO junior liga"]
[Site "Sveti Filip i Jakov"]
[Date "2018.04.05"]
[Round "6.17"]
[White "Simunic, Krunoslav"]
[Black "Tica, Sven"]
[Result "0-1"]
[WhiteElo "2060"]
[BlackElo "2442"]
[PlyCount "70"]
[EventDate "2018.??.??"]
[WhiteClock "1:28:00"]
[BlackClock "1:30:00"]

1. d4 d5 2. c4 e6 3. Nc3 a6 4. cxd5 exd5 5. Nf3 Nf6 6. Bg5 Be6 7. e3 Nbd7 8.
Bd3 Bd6 9. Rc1 h6 10. Bh4 O-O 11. O-O c6 12. Re1 Re8 13. e4 dxe4 14. Nxe4 Be7
15. Nc5 Nxc5 16. dxc5 Qa5 17. a3 Rad8 18. Qc2 Qc7 19. b4 Nh5 20. Bxe7 Rxe7 21.
Bh7+ Kh8 22. Bf5 Rde8 23. Bxe6 Rxe6 24. Qf5 g6 25. Rxe6 Rxe6 26. Qd3 Nf4 27.
Qc3+ Kh7 28. Nd4 Re4 29. Kf1 Nd5 30. Qd2 Qxh2 31. Nf3 Qh1+ 32. Ng1 Nf4 33. f3
Re2 34. Qxe2 Nxe2 35. Kxe2 Qxg2+ 0-1

[Event "1st CRO junior liga"]
[Site "Sveti Filip i Jakov"]
[Date "2018.04.05"]
[Round "6.18"]
[White "Makovec, Bruno"]
[Black "Baric, Marko"]
[Result "1-0"]
[WhiteElo "2313"]
[BlackElo "1638"]
[PlyCount "115"]
[EventDate "2018.??.??"]
[WhiteClock "1:27:00"]
[BlackClock "1:30:00"]

1. d4 d5 2. Nf3 Nf6 3. c4 e6 4. Nc3 Be7 5. Bf4 c6 6. e3 O-O 7. Bd3 b6 8. O-O
Bb7 9. h3 Nbd7 10. Rc1 Rc8 11. cxd5 Nxd5 12. Nxd5 cxd5 13. Qe2 Nb8 14. Rcd1 Kh8
15. Ne5 f5 16. g4 Nc6 17. gxf5 Nxe5 18. Bxe5 exf5 19. Qh5 Qe8 20. Qxe8 Rcxe8
21. Rc1 Bd8 22. Rc2 Rf7 23. Rfc1 Kg8 24. Bb5 Re6 25. Be2 Re8 26. Bh5 g6 27. Bf3
Rd7 28. Bc7 Bxc7 29. Rxc7 Ree7 30. Rxb7 Rxb7 31. Bxd5+ Kg7 32. Bxb7 Rxb7 33.
Kf1 Rd7 34. Ke2 Kf6 35. Kf3 Kg5 36. Rd1 h6 37. Rd3 Kf6 38. Rc3 Rd6 39. Rc7 a6
40. h4 b5 41. Rh7 h5 42. Rc7 Ke6 43. Kf4 Kf6 44. Rc5 Re6 45. f3 Rd6 46. d5 Kf7
47. Rc7+ Kf6 48. Rc6 Ke7 49. Rxd6 Kxd6 50. e4 b4 51. Kg5 a5 52. Kxg6 f4 53. Kf6
a4 54. e5+ Kxd5 55. e6 Kd4 56. e7 Ke3 57. e8=Q+ Kxf3 58. Kf5 1-0

[Event "1st CRO junior liga"]
[Site "Sveti Filip i Jakov"]
[Date "2018.04.05"]
[Round "6.19"]
[White "Denic, Marin"]
[Black "Starcevic, Ante Leon"]
[Result "0-1"]
[WhiteElo "1523"]
[BlackElo "2148"]
[PlyCount "124"]
[EventDate "2018.??.??"]
[WhiteClock "1:30:00"]
[BlackClock "1:30:00"]

1. e4 c5 2. Nf3 Nc6 3. d4 cxd4 4. Nxd4 Qb6 5. Nb3 Nf6 6. Nc3 e6 7. Be3 Qc7 8.
Bd3 Bb4 9. O-O Bxc3 10. bxc3 d5 11. exd5 Nxd5 12. Bd4 O-O 13. c4 Nxd4 14. Nxd4
Nf6 15. Re1 Bd7 16. Nb5 Qf4 17. g3 Qg5 18. Nd6 Bc6 19. Rb1 b6 20. Qe2 Rad8 21.
Nb5 Rd7 22. Qe5 Qg4 23. Qe3 Qf3 24. Qxf3 Bxf3 25. Re3 Bc6 26. h3 Rc8 27. Re5
Bf3 28. g4 a6 29. Na3 Rb7 30. Rb3 Bc6 31. Nb1 Nd7 32. Re3 Nc5 33. Ra3 Rd7 34.
Nd2 Bb7 35. Nb3 Kf8 36. Nxc5 Rxc5 37. Rb3 Rd6 38. Re1 Ke7 39. Reb1 Kd7 40. Rxb6
Rxb6 41. Rxb6 Kc7 42. Rb2 h5 43. Kh2 h4 44. f4 e5 45. fxe5 Rxe5 46. Rb1 f6 47.
Rf1 Kb6 48. Rf5 Re1 49. Rf1 Rxf1 50. Bxf1 Kc5 51. a3 Bc8 52. Kg2 Be6 53. Kf2
Bxc4 54. Bg2 Kd4 55. Ke1 Ke3 56. a4 a5 57. Bc6 Kd4 58. Bf3 Kc3 59. Be4 Be6 60.
Bd3 Bd5 61. Kf2 Bc6 62. Bb5 Be4 0-1

[Event "1st CRO junior liga"]
[Site "Sveti Filip i Jakov"]
[Date "2018.04.05"]
[Round "6.20"]
[White "Markovic, Franjo-Josip"]
[Black "Cecic-Sule, Dino"]
[Result "1-0"]
[WhiteElo "2034"]
[BlackElo "1390"]
[PlyCount "113"]
[EventDate "2018.??.??"]
[WhiteClock "1:26:00"]
[BlackClock "1:30:00"]

1. d4 d5 2. c4 e6 3. Nf3 Nf6 4. g3 Be7 5. Bg2 O-O 6. O-O Nbd7 7. Qc2 b6 8. cxd5
Nxd5 9. a3 c5 10. e4 N5f6 11. Nc3 Bb7 12. Rd1 cxd4 13. Nxd4 Bc5 14. Nb3 Qe7 15.
Nxc5 Nxc5 16. b4 Na6 17. Bb2 Rfd8 18. Qe2 Ne8 19. e5 Bxg2 20. Kxg2 Nac7 21. Qe4
Rxd1 22. Rxd1 Rd8 23. Rd4 f6 24. exf6 Nxf6 25. Qh4 Rxd4 26. Qxd4 Qd7 27. Qxd7
Nxd7 28. Ne4 h6 29. h4 Nd5 30. Kf3 g6 31. Ke2 Kf7 32. Nd6+ Ke7 33. Nc8+ Kd8 34.
Nxa7 Kc7 35. Nb5+ Kc6 36. Nd4+ Kd6 37. Nb5+ Kc6 38. Nd4+ Kd6 39. Nc2 Kc6 40. a4
Kd6 41. Kd3 e5 42. Bc1 h5 43. Bg5 Nf8 44. Kc4 Ne6 45. Be3 Nxe3+ 46. Nxe3 Kc6
47. Nd5 g5 48. hxg5 Nxg5 49. b5+ Kb7 50. Nf6 Nh3 51. Ne4 Ng1 52. Kd5 Nf3 53.
Kd6 Ka7 54. Kc6 Nd4+ 55. Kc7 Ne6+ 56. Kd6 Nc5 57. Nxc5 1-0

[Event "1st CRO junior liga"]
[Site "Sveti Filip i Jakov"]
[Date "2018.04.05"]
[Round "6.21"]
[White "Jurakic, Lukas"]
[Black "Blazeka, Mihaela"]
[Result "1-0"]
[WhiteElo "1698"]
[BlackElo "2094"]
[PlyCount "101"]
[EventDate "2018.??.??"]
[WhiteClock "1:30:00"]
[BlackClock "1:30:00"]

1. e4 e5 2. Nf3 Nc6 3. Bb5 a6 4. Ba4 Nf6 5. O-O Be7 6. Re1 b5 7. Bb3 O-O 8. c3
d6 9. h3 Nb8 10. d4 Nbd7 11. Nbd2 Bb7 12. Bc2 c5 13. d5 c4 14. Nf1 Re8 15. Ne3
g6 16. Nh2 Nc5 17. Qf3 Rf8 18. g4 Ne8 19. Qh1 Bg5 20. b4 cxb3 21. axb3 Ng7 22.
Ba3 Qc7 23. Nhf1 Bc8 24. h4 Bf4 25. Qf3 Qd8 26. Ng2 f5 27. exf5 h5 28. Nxf4
exf4 29. Qh3 hxg4 30. Qxg4 Bxf5 31. Bxf5 Rxf5 32. Bxc5 dxc5 33. c4 Qf6 34. Nd2
Qb2 35. Rad1 Kh7 36. Re7 Qf6 37. Rde1 Rh5 38. R1e6 Rxh4 39. Rxf6 Rxg4+ 40. Kf1
Kg8 41. f3 Rg3 42. d6 Nf5 43. Ree6 Kg7 44. Ne4 Rh8 45. Nxg3 Nxg3+ 46. Kg2 Rd8
47. Rxg6+ Kh7 48. Rgf6 bxc4 49. bxc4 a5 50. Re7+ Kg8 51. d7 1-0

[Event "1st CRO junior liga"]
[Site "Sveti Filip i Jakov"]
[Date "2018.04.05"]
[Round "6.22"]
[White "Smetisko, Josip"]
[Black "Hajpek, Erik"]
[Result "1/2-1/2"]
[WhiteElo "1880"]
[BlackElo "1790"]
[PlyCount "135"]
[EventDate "2018.??.??"]
[WhiteClock "1:29:00"]
[BlackClock "1:30:00"]

1. e4 e5 2. Nf3 Nc6 3. Be2 Nf6 4. d3 d5 5. Nbd2 Bc5 6. c3 O-O 7. O-O Bb6 8. b4
a6 9. a4 Re8 10. Qc2 d4 11. Bb2 Be6 12. b5 dxc3 13. Bxc3 Nd4 14. Nxd4 Bxd4 15.
Nf3 Bg4 16. Rac1 Rc8 17. Bxd4 exd4 18. Qb2 Bxf3 19. Bxf3 c5 20. bxc6 bxc6 21.
Rc4 c5 22. Qc2 Qa5 23. Rc1 Red8 24. g3 g6 25. Kg2 Kg7 26. Rxc5 Rxc5 27. Qxc5
Qxa4 28. Rc4 Qd7 29. Qb6 Qe7 30. Qxa6 g5 31. h3 Qd7 32. Qc6 Qe7 33. Qc5 Qxc5
34. Rxc5 h6 35. e5 Ne8 36. Rd5 Rxd5 37. Bxd5 Nc7 38. Bc4 f5 39. exf6+ Kxf6 40.
f4 gxf4 41. gxf4 Kf5 42. Kf3 Ne8 43. Bd5 Nd6 44. Be4+ Kf6 45. Bh7 Kg7 46. Be4
Kf6 47. Kg4 Ke6 48. h4 h5+ 49. Kf3 Kf6 50. Kg3 Nf7 51. Kf2 Nd6 52. Ke2 Ne8 53.
Bc6 Nd6 54. Bd7 Ke7 55. Bc6 Kf6 56. Bf3 Nf5 57. Kf2 Ng7 58. Kg3 Nf5+ 59. Kf2
Ng7 60. Bc6 Nf5 61. Be8 Ng7 62. Bd7 Ke7 63. Bh3 Kf6 64. Kg3 Ne6 65. Kf3 Nc5 66.
Ke2 Ne6 67. Kf3 Nc5 68. Ke2 1/2-1/2

[Event "1st CRO junior liga"]
[Site "Sveti Filip i Jakov"]
[Date "2018.04.05"]
[Round "6.23"]
[White "Drempetic, Mario"]
[Black "Djukin, Marko"]
[Result "0-1"]
[WhiteElo "1767"]
[BlackElo "1896"]
[PlyCount "52"]
[EventDate "2018.??.??"]
[WhiteClock "1:30:00"]
[BlackClock "1:30:00"]

1. d4 Nf6 2. c4 e6 3. Nf3 c5 4. d5 b5 5. dxe6 fxe6 6. cxb5 d5 7. e3 Bd6 8. Nc3
O-O 9. Be2 Bb7 10. Qc2 e5 11. b3 e4 12. Nd2 Qe7 13. Bb2 Kh8 14. Na4 Nbd7 15.
Nf1 Ne5 16. h3 d4 17. exd4 Nd3+ 18. Kd2 Nxf2 19. Rg1 Bf4+ 20. Ke1 Nd3+ 21. Kd1
Nxb2+ 22. Nxb2 cxd4 23. Bc4 d3 24. Qf2 e3 25. Qxf4 e2+ 26. Ke1 exf1=Q+ 0-1

[Event "1st CRO junior liga"]
[Site "Sveti Filip i Jakov"]
[Date "2018.04.05"]
[Round "6.24"]
[White "Svabenic, Stjepan"]
[Black "Tukovic, Dario"]
[Result "0-1"]
[WhiteElo "1225"]
[BlackElo "1526"]
[PlyCount "134"]
[EventDate "2018.??.??"]
[WhiteClock "1:30:00"]
[BlackClock "1:30:00"]

1. d4 d5 2. c4 e6 3. Nc3 a6 4. a4 Nc6 5. Nf3 dxc4 6. e3 Na5 7. Bd2 Nf6 8. Na2
Nb3 9. Rb1 b5 10. axb5 axb5 11. Nb4 Bb7 12. Be2 c5 13. Nc2 Be4 14. O-O cxd4 15.
Nfxd4 Bxc2 16. Qxc2 Nxd2 17. Qxd2 e5 18. Nf3 Qxd2 19. Nxd2 Bc5 20. b3 Ra2 21.
Nxc4 bxc4 22. Bxc4 O-O 23. b4 Ra4 24. bxc5 Rxc4 25. Rfc1 Rxc1+ 26. Rxc1 Rc8 27.
Kf1 Ne4 28. c6 Kf8 29. f3 Ng5 30. e4 Ne6 31. Kf2 Nd4 32. c7 Ne6 33. Ke3 Rxc7
34. Rxc7 Nxc7 35. f4 exf4+ 36. Kxf4 Ke7 37. g4 Ke6 38. h4 Ne8 39. h5 Nf6 40. e5
Nxg4 41. Kxg4 Kxe5 42. Kf3 Kf5 43. Kg3 Kg5 44. h6 Kxh6 45. Kg4 Kg6 46. Kf4 Kh5
47. Kg3 Kg5 48. Kf3 Kh4 49. Kg2 Kg4 50. Kf2 Kh3 51. Kg1 g5 52. Kh1 g4 53. Kg1
Kg3 54. Kf1 Kh2 55. Kf2 g3+ 56. Kf3 g2 57. Kf4 g1=Q 58. Kf5 f6 59. Kxf6 Qc5 60.
Kg7 h6 61. Kxh6 Qf8+ 62. Kg6 Kg3 63. Kg5 Qf7 64. Kh6 Qg8 65. Kh5 Kf4 66. Kh6
Kf5 67. Kh5 Qh8# 0-1

[Event "1st CRO junior liga"]
[Site "Sveti Filip i Jakov"]
[Date "2018.04.06"]
[Round "7.1"]
[White "Blazeka, Mihaela"]
[Black "Zadravec, Matija"]
[Result "0-1"]
[WhiteElo "2094"]
[BlackElo "2206"]
[PlyCount "52"]
[EventDate "2018.??.??"]

1. e4 c5 2. Nf3 Nc6 3. Bb5 d6 4. d4 cxd4 5. Nxd4 Bd7 6. O-O Nf6 7. Re1 g6 8. c4
Bg7 9. Nc3 O-O 10. Nf3 Bg4 11. Bxc6 bxc6 12. e5 Ne8 13. Bf4 Qb6 14. Na4 Qb4 15.
Rc1 Bxf3 16. gxf3 dxe5 17. Bxe5 Bxe5 18. Rxe5 Nf6 19. a3 Qb7 20. Qe2 e6 21. Nc5
Qc7 22. Rc3 Rfd8 23. f4 Rd4 24. Qf3 Rad8 25. Qg3 Kg7 26. Qh4 Qxe5 0-1

[Event "1st CRO junior liga"]
[Site "Sveti Filip i Jakov"]
[Date "2018.04.06"]
[Round "7.2"]
[White "Dabic, Stjepan"]
[Black "Smetisko, Josip"]
[Result "1/2-1/2"]
[WhiteElo "2012"]
[BlackElo "1880"]
[PlyCount "99"]
[EventDate "2018.??.??"]

1. d4 Nf6 2. c4 g6 3. Nc3 d5 4. cxd5 Nxd5 5. e4 Nxc3 6. bxc3 Bg7 7. Bc4 c5 8.
Ne2 Nc6 9. Be3 O-O 10. O-O Qc7 11. Rc1 Rd8 12. Qd2 a6 13. a4 Na5 14. Ba2 Bd7
15. Qd1 Rac8 16. d5 b5 17. f3 bxa4 18. c4 Rb8 19. Nc3 Nb3 20. Rc2 Rb4 21. Qd3
Rdb8 22. Rd1 Bd4 23. Ne2 Bxe3+ 24. Qxe3 R8b6 25. Rc3 f6 26. h3 g5 27. h4 h6 28.
hxg5 hxg5 29. g3 Nd4 30. Kf2 Rb2 31. Rd2 Qe5 32. Rcd3 Nxe2 33. Qxe2 Rxd2 34.
Rxd2 a3 35. Qe3 Rb2 36. Rxb2 Qxb2+ 37. Qe2 Ba4 38. Qxb2 axb2 39. Bb1 Bb3 40.
Ke3 Bxc4 41. Kd2 Kf7 42. Kc3 Be2 43. f4 gxf4 44. gxf4 e6 45. Ba2 c4 46. dxe6+
Kxe6 47. Kxb2 Kd6 48. Kc3 Kc5 49. e5 fxe5 50. fxe5 1/2-1/2

[Event "1st CRO junior liga"]
[Site "Sveti Filip i Jakov"]
[Date "2018.04.06"]
[Round "7.3"]
[White "Djukin, Marko"]
[Black "Kanizaj, Benjamin"]
[Result "1-0"]
[WhiteElo "1896"]
[BlackElo "1940"]
[PlyCount "45"]
[EventDate "2018.??.??"]

1. e4 c5 2. Nf3 d6 3. d4 cxd4 4. Nxd4 Nf6 5. Nc3 e6 6. g4 h6 7. h4 Nc6 8. Rg1
h5 9. gxh5 Nxh5 10. Bg5 Be7 11. Bxe7 Qxe7 12. Ndb5 Kd7 13. Bh3 Nf4 14. Nd5 Nxd5
15. exd5 Rxh4 16. dxc6+ bxc6 17. Qf3 Rxh3 18. Qxh3 cxb5 19. Qf3 Rb8 20. Rxg7
Ke8 21. O-O-O Rb6 22. Rh1 Qf8 23. Rh8 1-0

[Event "1st CRO junior liga"]
[Site "Sveti Filip i Jakov"]
[Date "2018.04.06"]
[Round "7.4"]
[White "Lesar, David"]
[Black "Svabenic, Stjepan"]
[Result "1/2-1/2"]
[WhiteElo "1905"]
[BlackElo "1225"]
[PlyCount "56"]
[EventDate "2018.??.??"]

1. e4 e5 2. Nf3 Nc6 3. d4 exd4 4. Nxd4 Nf6 5. Nxc6 dxc6 6. Bd3 Be6 7. Nc3 Bc5
8. Qe2 Qd7 9. Bg5 Be7 10. O-O-O O-O-O 11. Be3 Kb8 12. h3 h5 13. a3 Qe8 14. f4
Bc8 15. Qf2 b6 16. Bc4 Bb7 17. Rxd8+ Bxd8 18. Re1 Nxe4 19. Nxe4 Qxe4 20. Bxf7
c5 21. g4 hxg4 22. hxg4 Bh4 23. Qh2 Bxe1 24. Qxh8+ Bc8 25. Qh3 Bf2 26. Bd2 Be1
27. Be3 Bf2 28. Bd2 Be1 1/2-1/2

[Event "1st CRO junior liga"]
[Site "Sveti Filip i Jakov"]
[Date "2018.04.06"]
[Round "7.5"]
[White "Tica, Sven"]
[Black "Hajpek, Erik"]
[Result "1-0"]
[WhiteElo "2442"]
[BlackElo "1790"]
[PlyCount "65"]
[EventDate "2018.??.??"]

1. d4 Nf6 2. Nf3 g6 3. g3 Bg7 4. Bg2 O-O 5. O-O d6 6. b3 Nc6 7. Bb2 a6 8. c4
Ne4 9. Nbd2 Nxd2 10. Qxd2 e5 11. d5 Ne7 12. Rfd1 f5 13. e3 b6 14. b4 h6 15.
Rac1 Bb7 16. Ne1 g5 17. c5 Ng6 18. e4 f4 19. Qe2 Bc8 20. Qh5 Qf6 21. Rd2 Bd7
22. Bh3 Bxh3 23. Qxh3 fxg3 24. hxg3 Rf7 25. cxb6 cxb6 26. Qe6 Ne7 27. Ng2 Qf3
28. Qxd6 Qxe4 29. Re1 Qc4 30. Ne3 Qxa2 31. Ra1 Qb3 32. Ra3 Nc8 33. Qd8+ 1-0

[Event "1st CRO junior liga"]
[Site "Sveti Filip i Jakov"]
[Date "2018.04.06"]
[Round "7.6"]
[White "Drempetic, Mario"]
[Black "Starcevic, Ante Leon"]
[Result "0-1"]
[WhiteElo "1767"]
[BlackElo "2148"]
[PlyCount "54"]
[EventDate "2018.??.??"]

1. d4 Nf6 2. c4 g6 3. Nc3 d5 4. cxd5 Nxd5 5. e4 Nxc3 6. bxc3 Bg7 7. Be3 c5 8.
Qd2 Qa5 9. Nf3 Nc6 10. Rd1 O-O 11. Be2 Bg4 12. O-O Rfd8 13. Qb2 cxd4 14. cxd4
Qb4 15. Qxb4 Nxb4 16. Rb1 Nxa2 17. Rxb7 Nc3 18. Bc4 Rac8 19. Ba6 Rc6 20. Ra1
Bc8 21. Rxa7 Bxa6 22. R7xa6 Rxa6 23. Rxa6 Nxe4 24. Kf1 Nd6 25. Ke2 Nb5 26. Kd3
e5 27. Ra4 e4+ 0-1

[Event "1st CRO junior liga"]
[Site "Sveti Filip i Jakov"]
[Date "2018.04.06"]
[Round "7.7"]
[White "Markovic, Franjo-Josip"]
[Black "Hajpek, Egon"]
[Result "1-0"]
[WhiteElo "2034"]
[BlackElo "1538"]
[PlyCount "73"]
[EventDate "2018.??.??"]

1. d4 Nf6 2. c4 g6 3. Nf3 Bg7 4. g3 d6 5. Bg2 O-O 6. O-O Nc6 7. Nc3 a6 8. d5
Na5 9. b3 c5 10. Bb2 Bd7 11. Nd2 b5 12. Qc2 Rb8 13. Rab1 e6 14. Nd1 exd5 15.
cxd5 Qc7 16. e4 Nh5 17. Ne3 Bxb2 18. Rxb2 Ng7 19. f4 f5 20. exf5 Bxf5 21. Qc3
b4 22. Qc1 Rfe8 23. Re1 Qb6 24. Ndc4 Nxc4 25. Nxc4 Qc7 26. Rd2 Re7 27. Rxe7
Qxe7 28. Kf2 Re8 29. Bf3 Qf6 30. Qb2 Qf8 31. a3 Be4 32. axb4 cxb4 33. Qd4 Nf5
34. Qa7 Qh6 35. h4 Nxh4 36. Qd7 Kf8 37. Nxd6 1-0

[Event "1st CRO junior liga"]
[Site "Sveti Filip i Jakov"]
[Date "2018.04.06"]
[Round "7.8"]
[White "Tukovic, Dario"]
[Black "Skrobar, David"]
[Result "1/2-1/2"]
[WhiteElo "1526"]
[BlackElo "1745"]
[PlyCount "68"]
[EventDate "2018.??.??"]

1. d4 Nf6 2. c4 c5 3. d5 b5 4. cxb5 a6 5. bxa6 Bxa6 6. Nc3 g6 7. Nf3 d6 8. g3
Bg7 9. e4 Bxf1 10. Kxf1 O-O 11. Kg2 Nbd7 12. Re1 Qa5 13. Qe2 Ng4 14. Nd2 Ngf6
15. Nc4 Qb4 16. a4 Rfb8 17. Bd2 Nb6 18. Nxb6 Qxb6 19. f4 Nd7 20. Reb1 Qb3 21.
Ra3 Qc2 22. Bc1 Qxe2+ 23. Nxe2 Nb6 24. Nc3 Nc4 25. Raa1 Rb3 26. Nd1 Rb4 27. Nc3
Na5 28. Kf3 Nb3 29. Ra2 Bxc3 30. bxc3 Nd2+ 31. Bxd2 Rxb1 32. a5 Kf8 33. e5 Ke8
34. Ke4 Kd7 1/2-1/2

[Event "1st CRO junior liga"]
[Site "Sveti Filip i Jakov"]
[Date "2018.04.06"]
[Round "7.9"]
[White "Levacic, Matej"]
[Black "Cotic, Borna"]
[Result "0-1"]
[WhiteElo "1893"]
[BlackElo "2028"]
[PlyCount "78"]
[EventDate "2018.??.??"]

1. d4 d5 2. Bf4 Nf6 3. e3 c5 4. c3 Nc6 5. Nd2 Qb6 6. Qb3 c4 7. Qc2 e6 8. Ngf3
Be7 9. h3 Qd8 10. Be2 b5 11. a3 a5 12. e4 Bb7 13. O-O b4 14. Ne5 O-O 15. Nxc6
Bxc6 16. e5 Ne8 17. Nf3 bxa3 18. bxa3 Rb8 19. a4 Qd7 20. Bd1 Rb6 21. Ng5 g6 22.
Qe2 Ng7 23. Bc2 Qd8 24. Qg4 Rb2 25. Bb1 h5 26. Qg3 Rxb1 27. Rfxb1 Nf5 28. Nxe6
Qc8 29. Qf3 fxe6 30. g4 Nxd4 31. cxd4 g5 32. gxh5 Rxf4 33. Qe3 Bb4 34. Kh2 Qf8
35. Ra2 Qf5 36. Rg1 Be7 37. Rg2 Rf3 38. Qd2 Rxh3+ 39. Kg1 Qb1+ 0-1

[Event "1st CRO junior liga"]
[Site "Sveti Filip i Jakov"]
[Date "2018.04.06"]
[Round "7.10"]
[White "Simunic, Krunoslav"]
[Black "Birkic, Josip"]
[Result "1-0"]
[WhiteElo "2060"]
[BlackElo "1781"]
[PlyCount "57"]
[EventDate "2018.??.??"]

1. d4 Nf6 2. c4 Nc6 3. Nf3 e6 4. Nc3 Bb4 5. g3 d6 6. Bg2 O-O 7. O-O Bxc3 8.
bxc3 e5 9. Qc2 Re8 10. d5 Ne7 11. Nd2 Ng6 12. Ne4 Nd7 13. h4 f5 14. Bg5 Nf6 15.
h5 Nh8 16. Nxf6+ gxf6 17. Bd2 Nf7 18. e4 f4 19. gxf4 exf4 20. Bxf4 Ne5 21. h6
Kh8 22. Bxe5 Rxe5 23. f4 Rh5 24. Kf2 f5 25. Rh1 Rh4 26. Qd2 Kg8 27. Rag1 Qf6
28. Qd4 Rxf4+ 29. Bf3+ 1-0

[Event "1st CRO junior liga"]
[Site "Sveti Filip i Jakov"]
[Date "2018.04.06"]
[Round "7.11"]
[White "Ljubicic, Mario"]
[Black "Baric, Marko"]
[Result "1-0"]
[WhiteElo "1738"]
[BlackElo "1638"]
[PlyCount "135"]
[EventDate "2018.??.??"]

1. e4 e5 2. Nf3 Nc6 3. Bc4 Bc5 4. b4 Bxb4 5. c3 Ba5 6. d4 exd4 7. O-O d6 8. Qb3
Qe7 9. e5 dxe5 10. Ba3 Qf6 11. Re1 Nge7 12. Bxe7 Qxe7 13. Nxe5 O-O 14. Nf3 Qf6
15. Nbd2 Bf5 16. Ne4 Bxe4 17. Rxe4 Bxc3 18. Rd1 Rab8 19. h3 a6 20. Qc2 Rfe8 21.
Rg4 Ne5 22. Nxe5 Rxe5 23. g3 Rbe8 24. Rf4 Re1+ 25. Rxe1 Rxe1+ 26. Kh2 Qc6 27.
Bxf7+ Kh8 28. Bd5 Qe8 29. Bf7 Qc6 30. Bd5 Qd6 31. Qf5 Re8 32. Rh4 h6 33. Be4
Kg8 34. Bd5+ Kh8 35. Be4 Kg8 36. Rf4 Rxe4 37. Rxe4 Qf8 38. Qd5+ Kh7 39. Rf4 Qd6
40. Qxd6 cxd6 41. Rf3 b5 42. Kg2 b4 43. Rf5 d3 44. Kf1 d2 45. Ke2 Kg8 46. Kd1
Kh7 47. Kc2 Kg6 48. Rd5 Kh7 49. Rxd6 a5 50. Ra6 Kh8 51. Kd1 Kh7 52. Rxa5 b3 53.
Ra6 bxa2 54. Rxa2 Kg6 55. Ra4 h5 56. Rf4 Kh7 57. Rc4 Ba5 58. Rc5 Bb4 59. Rxh5+
Kg6 60. Rb5 Bc3 61. Rb6+ Kh7 62. Rd6 Bb4 63. Rxd2 Bxd2 64. Kxd2 Kg6 65. Ke3 Kf5
66. Kd4 g6 67. f3 g5 68. Kd5 1-0

[Event "1st CRO junior liga"]
[Site "Sveti Filip i Jakov"]
[Date "2018.04.06"]
[Round "7.12"]
[White "Denic, Marin"]
[Black "Vucenovic, Damian"]
[Result "0-1"]
[WhiteElo "1523"]
[BlackElo "1666"]
[PlyCount "76"]
[EventDate "2018.??.??"]

1. e4 e5 2. Nf3 Nc6 3. Bb5 a6 4. Ba4 Nf6 5. O-O b5 6. Bb3 Be7 7. Re1 d6 8. h3
O-O 9. c3 Na5 10. Bc2 c5 11. d4 Qc7 12. Bg5 Nc6 13. d5 Nd8 14. Nbd2 Ne8 15.
Bxe7 Qxe7 16. Nf1 g6 17. Ng3 Ng7 18. a4 Rb8 19. axb5 axb5 20. b3 f5 21. c4 f4
22. Ne2 b4 23. Ra2 Nf7 24. Qd3 Ng5 25. Rea1 Nxe4 26. Nxe5 dxe5 27. Qxe4 Nh5 28.
Rd1 f3 29. Ng3 Nxg3 30. fxg3 Qg5 31. Kf2 Qh5 32. gxf3 Qxh3 33. Rg1 Bg4 34. f4
exf4 35. gxf4 Qh2+ 36. Rg2 Rxf4+ 37. Qxf4 Qxf4+ 38. Kg1 Bh3 0-1